00434nam a22001577a 450000500170000000800410001702000270005804000090008504100120009408200150010610000170012124500630013826000410020130000080024265000260025020260424131735.0260424b |||||||| |||| 00| 0 eng d a9798886130942c1195.00 aMAIN aEnglish a519.2bTIJ aTijms, Henk  aFirst Course in Probability for Computer and Data Science  aNew Jersey bWorld Scientific c2024 a233 aMathematics (PM USHA)